| 000 | 00488nam a22001697a 4500 | ||
|---|---|---|---|
| 999 |
_c4284 _d4284 |
||
| 003 | GBCCL | ||
| 005 | 20241126110515.0 | ||
| 008 | 180118b xxu||||| |||| 00| 0 eng d | ||
| 040 | _cgbc | ||
| 082 |
_a226.07 _bSMI |
||
| 100 |
_aSmith, David _98101 |
||
| 245 |
_aCommentary on the four Gospels / _cDavid Smith |
||
| 260 |
_aNew York: _bDoubleday, Doran & Company, Inc., _c1928 |
||
| 300 |
_a485 p.; _c23 cm. |
||
| 650 |
_aBible _vNew Testament _vGospels _xCommentary _98102 |
||
| 942 |
_2ddc _cBK _01 |
||